00502pam a2200157 a 4500020000500000041000800005082001600013100001800029245005700047250001000104260002200114300001300136930000900149999001700158952016900175 c aeng a628.52bSIN aSingh, Wand . aBiodegradation And BioremediationhTextual Documents a2010. a[s.l]:bSpringer  a309 pg . a9675 c86580d86580 001040708Text BooksaYMPbYMPd2021-06-09eBharati Sahakari Madhyavarti Grahak Bhandarg995.00l0o628.52 SINpYMP-140190r2023-02-24 00:00:00t1w2023-02-24yBK